01349nab a22002297a 4500999001500000003000400015005001700019008004100036040000700077100004000084245014800124300001300272500003600285505039200321505011800713650002800831650003600859650002000895650003500915773015600950942001301106 c6064d6064OSt20260121002445.0190514b xxu||||| |||| 00| 0 spa d cPJ 94342aMuñoz Genestoux, Rosalía 13aLa ilusión de la seguridad total como residuo de un paradigma. Mirada desde el modelo social de discapacidad /cRosalía Muñoz Genestoux.  ap. 52-60 aCita: TR LALEY AR/DOC/983/2024. aSumario: I. Introducción.— II. El derrotero del proceso judicial.— III. Sobre el ejercicio de la capacidad jurídica y la imposibilidad de limitarla con fundamento en los períodos de desestabilización.— IV. Acerca de la necesidad de realizar una nueva evaluación interdisciplinaria.— V. El acceso a la justicia de las personas con discapacidad.— VI. Palabras finales.  tFallo comentado: SC Buenos Aires ~ 14/09/2023 ~ M. C., C. D. L. A. s/ determinación de la capacidad jurídica. 09967aDERECHO DE FAMILIA 093271aPERSONAS CON DISCAPACIDAD 092342aCAPACIDAD 091057aJURISPRUDENCIA APLICABLE0 0284493222dBuenos Aires : AbeledoPerrot, 1989-tDerecho de familia. Revista Interdisciplinaria de doctrina y jurisprudencia. Junio 2024-III.z18511201 2udccANA